Gym Exercises - Picture Quiz - Statistics

General Stats
  • This quiz has been taken 3,281 times
  • The average score is 17 of 20
Answer Stats
Picture Hint Answer % Correct
Raise dumbbell from side Bicep Curl
96%
Lower from stand Squat
96%
Raise barbell upwards Bench Press
95%
Raise body from floor Push-up
95%
Raise elbows to knees Crunch
93%
Lift head above bar Pull-up
93%
Extend legs forward Leg Press
90%
Raise barbell from floor Deadlift
88%
Lower from straight arms Dip
83%
Lower bar to chest Lat Pull-down
82%
Pull arms back Seated Row
81%
Lower bar from chest height Tricep Pushdown
81%
Raise dumbbells together Pectoral Fly
79%
Step forward from stand Lunge
78%
Raise dumbbells upwards Shoulder Press
77%
Lift heels from floor Calf Raise (Seated)
75%
Straighten knees Leg Extension
75%
Lift dumbbells from sides Lateral Raise
73%
Raise shoulders Shoulder Shrug
70%
Lift legs from floor Leg Raise
59%
No matching quizzes found
Score Distribution
Percent of People with Each Score
Percentile by Number Answered
Your Score History
You have not taken this quiz